Eragon (Record no. 15285)

MARC details
000 -LEADER
fixed length control field 03020ngm a2200457 4500
003 - CONTROL NUMBER IDENTIFIER
control field dpl
005 - DATE AND TIME OF LATEST TRANSACTION
control field 20080723110517.0
007 - PHYSICAL DESCRIPTION FIXED FIELD--GENERAL INFORMATION
fixed length control field dvd
008 - FIXED-LENGTH DATA ELEMENTS--GENERAL INFORMATION
fixed length control field ||||||sp199 xxu|||||c|||| 00| 0 eng d
010 ## - LIBRARY OF CONGRESS CONTROL NUMBER
LC control number DVD-000222-224 & DVD-005342-5346
024 ## - OTHER STANDARD IDENTIFIER
Standard number or code 29984
Terms of availability 599.00, 299.00 (revised Price)
035 ## - SYSTEM CONTROL NUMBER
System control number DVD-000222-224
035 ## - SYSTEM CONTROL NUMBER
System control number DVD-005342-5346
040 ## - CATALOGING SOURCE
Original cataloging agency DPL
Transcribing agency DPL
082 ## - DEWEY DECIMAL CLASSIFICATION NUMBER
Classification number DVD / ERAG
245 ## - TITLE STATEMENT
Title Eragon
Statement of responsibility, etc Fox 2000 Picrute Presents
Medium [videorecording] DVD/
250 ## - EDITION STATEMENT
Edition statement 2-Dics special edition
260 ## - PUBLICATION, DISTRIBUTION, ETC. (IMPRINT)
Name of publisher, distributor, etc Fox 2000 Picture
300 ## - PHYSICAL DESCRIPTION
Extent 2 videodisc DVD; (103:58 min.) :
Other physical details sd., col. ;
Dimensions 4 3/4 in.
Type of unit DVD
500 ## - GENERAL NOTE
General note Kids..are more likely to enjoy the magical mystery ride.
500 ## - GENERAL NOTE
General note Sole Distributor in India M/s. Excel Productions Autio Visuals Pvt. Ltd.
538 ## - SYSTEM DETAILS NOTE
System details note Dolby Digital 5.1-English, Subtitles: English, Italian, German, Castilliam Spanish, Danish, Finnish, Norwegian & Swedish
538 ## - SYSTEM DETAILS NOTE
System details note Aspect Ratio: 2.35:1, Presentation type: Wide Screne, Presentation Size 16x9, Format DVD 9 Dual Layer Single Sided Disc.
650 ## - SUBJECT ADDED ENTRY--TOPICAL TERM
Topical term or geographic name as entry element Motion Picture
700 ## - ADDED ENTRY--PERSONAL NAME
Personal name Ironis, Jeremy
700 ## - ADDED ENTRY--PERSONAL NAME
Personal name Gullory, Sienia
700 ## - ADDED ENTRY--PERSONAL NAME
Personal name Carlyle, Robert
700 ## - ADDED ENTRY--PERSONAL NAME
Personal name Hounsou, Djimon
700 ## - ADDED ENTRY--PERSONAL NAME
Personal name Hedluno, Garaett
942 ## - ADDED ENTRY ELEMENTS (KOHA)
Koha item type CD-ROMs, DVDs, VHS
Source of classification or shelving scheme Dewey Decimal Classification
Classification part DVD
Call number suffix ERAG
Holdings
Withdrawn status Lost status Source of classification or shelving scheme Damaged status Not for loan Home library Current library Date acquired Source of acquisition Cost, normal purchase price Total Checkouts Full call number Barcode Date last seen Date checked out Copy number Cost, replacement price Price effective from Koha item type Total Renewals
    Dewey Decimal Classification     Central Library Central Library 02/09/2008 Purchase 599.00 10 DVD ERAG DVD-000222 16/01/2009 31/12/2008 1 599.00 15/09/2008 CD-ROMs, DVDs, VHS  
    Dewey Decimal Classification     Janak Puri Janak Puri 16/12/2009 Pioneers/885/29-10-09/325/13-10-09 /06-11-09 299.00 20 DVD ERAG DVD-005342 23/03/2013 21/03/2013 1 299.00 16/12/2009 CD-ROMs, DVDs, VHS 1
    Dewey Decimal Classification     Karol Bagh Karol Bagh 16/12/2009 Pioneers/885/29-10-09/325/13-10-09 /06-11-09 299.00 14 DVD ERAG DVD-005345 24/06/2012 21/06/2012 1 299.00 16/12/2009 CD-ROMs, DVDs, VHS  
    Dewey Decimal Classification     Narela Narela 16/12/2009 Pioneers/885/29-10-09/325/13-10-09 /06-11-09 299.00 11 DVD ERAG DVD-005346 05/10/2010 01/10/2010 1 299.00 16/12/2009 CD-ROMs, DVDs, VHS  
    Dewey Decimal Classification     Patel Nagar Patel Nagar 02/09/2008 Purchase 599.00 39 DVD ERAG DVD-000224 25/09/2013 20/09/2013 1 599.00 15/09/2008 CD-ROMs, DVDs, VHS  
  Lost and Paid For Dewey Decimal Classification     R.K.Puram-8 R.K.Puram-8 16/12/2009 Pioneers/885/29-10-09/325/13-10-09 /06-11-09 299.00 8 DVD ERAG DVD-005343 27/02/2014 18/07/2012 1 299.00 16/12/2009 CD-ROMs, DVDs, VHS  
    Dewey Decimal Classification     Sarojini Nagar Sarojini Nagar 02/09/2008 Purchase 599.00 30 DVD ERAG DVD-000223 01/03/2011 01/03/2011 1 599.00 15/09/2008 CD-ROMs, DVDs, VHS  
    Dewey Decimal Classification     Vinoba Puri Vinoba Puri 16/12/2009 Pioneers/885/29-10-09/325/13-10-09 /06-11-09 299.00 11 DVD ERAG DVD-005344 29/10/2015 28/10/2015 1 299.00 16/12/2009 CD-ROMs, DVDs, VHS  

© Delhi Public Library
Hit Counter
free hit counter